000 00670nas a2200241 4500
001 BR8807210
003 BR-BrBNA
005 20231205091402.0
007 ta
008 230509b bl.|||p| |||| 00| 00por d
040 _aBR-BrBNA
_bpor
_cBiblioteca Nacional de Agricultura
041 _a(Pt)
072 _aL01
100 1 _aLulai, C.
245 1 _aA ordenharia hidraulica, uma promessa
650 _aTRANSMISSAO DE DOENCA
650 _aMAMITE
650 _aORDENHA
650 _aORDENHADEIRA
773 0 _tGado Holandes (Brazil)
_xISSN 0101-7977
_g(Oct 1987), v. 52(143) p. 52-53
_wBR8807210
909 _a202311
_bLúcia
_c55
_dLúcia Elande
942 _2AGRIS
_n0
_cANA
999 _c124727
_d124727